[Event "TCh-CHN"]
[Site "Shenzhan CHN"]
[Date "2010.06.09"]
[Round "6"]
[White "Yu Shaoteng"]
[Black "Zhao Jun"]
[Result "0-1"]
[WhiteElo "2529"]
[BlackElo "2575"]

1.e4 c5 2.Nf3 d6 3.Bb5+ Nd7 4.d4 cxd4 5.Qxd4 a6 6.Bxd7+ Bxd7 7.Bg5 h6 8.Bh4 Nf6
9.Nc3 g5 10.Bg3 Bg7 11.Nd5 Nh5 12.Qe3 Nxg3 13.hxg3 Bxb2 14.Rb1 Bg7 15.Rxb7 O-O
16.Qb6 e6 17.Nc7 Rb8 18.O-O Rxb7 19.Qxb7 Qb8 20.Qxb8 Rxb8 21.Nxa6 Rb6 22.Nc7 Rb7
23.Na8 Kf8 24.Rd1 Ke7 25.Nd2 Rb8  0-1

[Event "45th Capablanca Mem Open"]
[Site "Havana CUB"]
[Date "2010.06.11"]
[Round "2"]
[White "Garcia Pantoja,R"]
[Black "Gonzalez Vidal,Y"]
[Result "1/2-1/2"]
[WhiteElo "2378"]
[BlackElo "2543"]

1.e4 c5 2.Nf3 d6 3.Bb5+ Bd7 4.Bxd7+ Qxd7 5.O-O Nf6 6.e5 dxe5 7.Nxe5 Qc8 8.Qf3 e6
9.b3 Be7 10.Bb2 O-O 11.Na3 Nbd7 12.Nac4 Nxe5 13.Nxe5 Rd8 14.d3 Qc7 15.Rae1 Bf8
16.h4 Rd5 17.Re3 Rad8 18.g4 Ne8 19.g5 Bd6 20.Rfe1 Bxe5 21.Bxe5 Qa5 22.h5 Nd6
23.g6 hxg6 24.hxg6 fxg6 25.Qg4 Nf5 26.Qxg6 R5d7 27.Re4 Rf7 28.Qxe6 Qd2 29.Bf6 Nd4
30.Bxd4 Rxd4 31.Qe8+ Rf8 32.Qe6+ Rf7 33.R1e2 Qg5+ 34.Kh2 Rxe4 35.Rxe4 Qh5+
36.Kg1 Qd1+ 37.Kh2 Qh5+ 38.Kg1 Qd1+ 39.Kh2  1/2-1/2

[Event "45th Capablanca Mem Open"]
[Site "Havana CUB"]
[Date "2010.06.11"]
[Round "2"]
[White "Llaudy Pupo,L"]
[Black "Morales Romero,P"]
[Result "0-1"]
[WhiteElo "2224"]
[BlackElo "2420"]

1.e4 c5 2.Nf3 d6 3.Bb5+ Bd7 4.Bxd7+ Qxd7 5.O-O Nc6 6.Re1 e6 7.c3 Nf6 8.d4 cxd4
9.cxd4 d5 10.e5 Ne4 11.Nbd2 Nxd2 12.Bxd2 Be7 13.Re3 a5 14.Rc1 O-O 15.a3 Bd8
16.Qc2 Ne7 17.Rc3 h6 18.h4 a4 19.Qd3 Ra6 20.g4 Rb6 21.b4 axb3 22.Rxb3 Rxb3
23.Qxb3 Nc6 24.Rb1 f6 25.Qxb7 Qe8 26.Bb4 Nxb4 27.Qxb4 Qg6 28.Nh2 fxe5 29.dxe5 Bxh4
30.Rb2 Qd3 31.Rd2 Qh3 32.Qb6 Kh8 33.Qc5 Rb8 34.Rd1 Rb2 35.Rf1 Bg3  0-1

[Event "45th Capablanca Mem Open"]
[Site "Havana CUB"]
[Date "2010.06.12"]
[Round "3"]
[White "Boada,W"]
[Black "Alonso Moyano,J"]
[Result "0-1"]
[WhiteElo "2266"]
[BlackElo "2399"]

1.e4 c5 2.Nf3 d6 3.Bb5+ Nc6 4.Bxc6+ bxc6 5.h3 e5 6.d3 g6 7.O-O Bg7 8.Bg5 Ne7
9.Qd2 h6 10.Be3 f5 11.Qc1 f4 12.Bd2 g5 13.b4 cxb4 14.Bxb4 c5 15.Ba3 Ng6 16.Qb2 O-O
17.Qb3+ Kh7 18.Qd5 Rb8 19.Nbd2 h5 20.Rfb1 Rxb1+ 21.Rxb1 g4 22.hxg4 hxg4 23.Nh2 f3
24.Bxc5 Nf4 25.Qxd6 Qh4 26.Ndxf3 gxf3 27.Nxf3 Qg4 28.Ne1 Rf6 29.Qe7 Rh6 30.f3 Qg3
31.Be3 Nxg2 32.Bxh6 Nf4+ 33.Kh1 Kxh6 34.Qxa7 Qh4+ 35.Kg1 Ne2+ 36.Kf1 Nd4
37.Rb6+ Kh7 38.Qf7 Bh3+ 39.Ng2 Qg5 40.Ke1 Qc1+ 41.Kf2 Qxc2+ 42.Kg3 Qxg2+
43.Kh4 Nxf3+  0-1

[Event "14th Master Open"]
[Site "Voronezh RUS"]
[Date "2010.06.12"]
[Round "1"]
[White "Schepetkova,M"]
[Black "Sivuk,V"]
[Result "0-1"]
[WhiteElo "2189"]
[BlackElo "2436"]

1.e4 c5 2.Nf3 d6 3.Bb5+ Nd7 4.O-O a6 5.Bxd7+ Bxd7 6.d4 g6 7.Be3 Bg7 8.Nc3 Rc8
9.h3 b5 10.Re1 b4 11.Nd5 e6 12.Bf4 Ba4 13.b3 Bb5 14.a4 Bc6 15.Qd3 Bb7 16.Bg5 f6
17.Bf4 exd5 18.exd5+ Ne7 19.Re6 O-O 20.Rxd6 Qa5 21.Rd7 Nxd5 22.Qc4 cxd4 23.Qxd4 Bc6
24.Ra7 Nxf4 25.Qxf4 Bxf3 26.Qxf3 Rc7 27.Ra8 Rxc2 28.Re1 Rxa8 29.Qxa8+ Bf8
30.Re6 Qf5  0-1

[Event "45th Capablanca Mem Open"]
[Site "Havana CUB"]
[Date "2010.06.13"]
[Round "4"]
[White "Arribas Robaina,M"]
[Black "Moncayo Romero,E"]
[Result "1/2-1/2"]
[WhiteElo "2326"]
[BlackElo "2122"]

1.e4 c5 2.Nf3 d6 3.Bb5+ Bd7 4.Bxd7+ Qxd7 5.O-O Nf6 6.Re1 Nc6 7.c3 e6 8.d4 cxd4
9.cxd4 d5 10.e5 Ne4 11.Nbd2 Nxd2 12.Bxd2 Be7 13.Rc1 O-O 14.a3 Rfc8 15.h4 Nd8
16.Bg5 Rxc1 17.Qxc1 Rc8 18.Qd2 Bxg5 19.hxg5 Qc7 20.g3 Qc2 21.Qb4 Qc7 22.Kg2 Nc6
23.Qd2 Na5 24.Rh1 Nb3 25.Qb4 Nc1 26.Ne1 Qb6 27.Qxb6 axb6 28.Kf3 Nb3 29.Rh4 Nd2+
30.Ke2 Nc4 31.Rf4 Nxb2 32.Rf3 Nc4 33.Rc3 h6 34.gxh6 gxh6 35.Nc2 Ra8 36.Rb3 Kg7
37.Kd3 f6 38.exf6+ Kxf6 39.Ke2 e5 40.Ne3 Nxe3 41.Kxe3  1/2-1/2

[Event "TCh-SUI 2010"]
[Site "Switzerland SUI"]
[Date "2010.06.13"]
[Round "4.3"]
[White "Lehmann,A"]
[Black "Cvitan,O"]
[Result "1/2-1/2"]
[WhiteElo "2321"]
[BlackElo "2554"]

1.e4 c5 2.Nf3 d6 3.Bb5+ Bd7 4.Bxd7+ Qxd7 5.O-O Nf6 6.e5 dxe5 7.Nxe5 Qc8 8.Qf3 e6
9.Nc3 Be7 10.d3 O-O 11.Bg5 Nd5 12.Nxd5 Bxg5 13.Ne3 Bf6 14.N3c4 Bxe5 15.Nxe5 f6
16.Nc4 Nc6 17.Qe4 Qd7 18.Rfe1 Rfe8 19.Nd2 Rad8 20.Qc4 Qd5 21.Qxd5 exd5 22.Kf1 Kf7
23.Nf3 a5 24.a3 a4 25.Rxe8 Rxe8 26.Re1 Rxe1+ 27.Kxe1 g5 28.h3 h5 29.Kd2 Ke6
30.Ng1 Ke5 31.Ne2 b5 32.c3 d4 33.Ng3 h4 34.Ne4 c4 35.Nc5 cxd3 36.Kxd3 dxc3
37.Kxc3 f5 38.b3 axb3 39.Nxb3 g4 40.Kd3 f4 41.hxg4 f3 42.g3 h3 43.Nd2 Kf6
44.g5+ Kf5 45.Nxf3 Ne5+ 46.Ke2 Nc4 47.Kf1 Nxa3 48.Kg1 Nc2 49.Kh2 b4 50.Nd2 Kxg5
51.Kxh3 Nd4 52.Kg2 b3 53.f3 b2 54.Kf2 Nb3 55.Nb1 Nd4  1/2-1/2

[Event "4th Open"]
[Site "Varna BUL"]
[Date "2010.06.13"]
[Round "2"]
[White "Arnaudov,P"]
[Black "Parligras,M"]
[Result "0-1"]
[WhiteElo "2216"]
[BlackElo "2565"]

1.Nf3 c5 2.e4 d6 3.Bb5+ Nc6 4.O-O Bd7 5.c3 Nf6 6.Re1 a6 7.Bf1 Bg4 8.h3 Bxf3
9.Qxf3 g6 10.d3 Bg7 11.Nd2 O-O 12.g4 b5 13.Qg3 b4 14.Nc4 bxc3 15.bxc3 Nd7
16.Bd2 Nb6 17.Ne3 Na4 18.Rac1 Rb8 19.Rc2 Qd7 20.f4 Rb2 21.Rxb2 Nxb2 22.g5 Na4
23.Rc1 Rb8 24.Rc2 Rb1 25.Nd5 Qd8 26.f5 Ne5 27.Bf4 Nb6 28.Rc1 Rxc1 29.Bxc1 Nxd5
30.exd5 Qa5 31.d4 cxd4 32.cxd4 Nd7 33.Be3 Nb6 34.Bf2 Qxa2 35.h4 a5 36.Qc3 Qxd5
37.Bg2 Qc4 38.Qd2 a4 39.Bf1 Qb3 40.h5 a3 41.hxg6 fxg6 42.Qe1 a2 43.Kh2 Nd7
44.Bh3 Nf8  0-1

[Event "14th FIDE Open"]
[Site "Voronezh RUS"]
[Date "2010.06.13"]
[Round "2"]
[White "Agibalov,Ilya"]
[Black "Korovin,V"]
[Result "0-1"]
[WhiteElo "1741"]
[BlackElo "2035"]

1.e4 c5 2.Nf3 d6 3.Bb5+ Bd7 4.Bxd7+ Nxd7 5.c3 Ngf6 6.Qe2 Qc7 7.O-O c4 8.b3 cxb3
9.axb3 Nc5 10.e5 dxe5 11.Nxe5 a6 12.d4 Nfd7 13.Bf4 Ne6 14.Bg3 Qc8 15.Nc4 b5
16.d5 bxc4 17.dxe6 Nb6 18.exf7+ Kxf7 19.b4 h5 20.Be5 Nd5 21.Nd2 Rh6 22.Ra5 e6
23.Nxc4 Qc6 24.Rfa1 Rc8 25.Ne3 Nxc3 26.Bxc3 Qxc3 27.Rxa6 Bxb4 28.Qf3+ Kg8
29.Ra7 Rf6 30.Qg3 Bc5 31.Ra8 Rxa8 32.Rxa8+ Kh7 33.Qh4 Qe1+ 34.Nf1 Bxf2+  0-1

[Event "14th Master Open"]
[Site "Voronezh RUS"]
[Date "2010.06.13"]
[Round "2"]
[White "Sergienko,S"]
[Black "Zinchenko,Ya"]
[Result "1-0"]
[WhiteElo "2415"]
[BlackElo "2547"]

1.e4 c5 2.Nf3 d6 3.Bb5+ Nd7 4.c3 Nf6 5.Qe2 a6 6.Ba4 b5 7.Bc2 Bb7 8.O-O e5
9.d4 Be7 10.Rd1 Qc7 11.d5 O-O 12.Nbd2 c4 13.Nf1 Rfe8 14.Ng3 Bf8 15.h3 g6
16.Be3 h6 17.Nh2 Bg7 18.Qd2 Kh7 19.Rf1 Re7 20.h4 Ng8 21.h5 Rae8 22.f3 Ndf6
23.a4 Bc8 24.f4 exf4 25.Rxf4 Kh8 26.axb5 axb5 27.hxg6 fxg6 28.Rh4 Nh7 29.Nf3 g5
30.Rh1 Ngf6 31.e5 Rxe5 32.Nxe5 Rxe5 33.Bd4 Re7 34.Ra8 Ng4 35.Bf5 Re8 36.Bxg4  1-0

[Event "45th Capablanca Mem Open"]
[Site "Havana CUB"]
[Date "2010.06.14"]
[Round "5"]
[White "Ordunez Echarte,D"]
[Black "Bacallao Alonso,Y"]
[Result "0-1"]
[WhiteElo "2322"]
[BlackElo "2500"]

1.e4 c5 2.Nf3 d6 3.Bb5+ Nd7 4.O-O Nf6 5.Re1 a6 6.Bxd7+ Nxd7 7.b3 e5 8.c3 Be7
9.d4 b5 10.Bb2 O-O 11.Nbd2 Bb7 12.dxe5 Nxe5 13.Nxe5 dxe5 14.c4 f6 15.Qe2 Qa5
16.Nb1 bxc4 17.Qxc4+ Rf7 18.Nc3 Rd8 19.Rad1 Rd4 20.Qe6 Bf8 21.f3 c4 22.Na4 Rxd1
23.Rxd1 cxb3 24.axb3 Qc7 25.h3 Qc6 26.Qxc6 Bxc6 27.Rd8 Rd7 28.Rxd7 Bxd7 29.Kf2 Be6
30.Bc3 Bxb3 31.Nb2 Kf7 32.g3 Ke6 33.Nd3 Bc4 34.Ke3 Bd6 35.h4 Kd7 36.g4 Kc6
37.g5 Kb5 38.gxf6 gxf6 39.f4 Bxd3 40.Kxd3 h5 41.fxe5 Bxe5 42.Be1 a5 43.Bxa5 Kxa5
44.Kc4 Kb6 45.Kd5 Kb5 46.Ke6 Kc4 47.Kf5 Kd4  0-1

[Event "45th Capablanca Mem Open"]
[Site "Havana CUB"]
[Date "2010.06.14"]
[Round "5"]
[White "Pina Vega,S"]
[Black "Hevia Alejano,C"]
[Result "1/2-1/2"]
[WhiteElo "2336"]
[BlackElo "2507"]

1.e4 c5 2.Nf3 d6 3.Bb5+ Nd7 4.d4 cxd4 5.Qxd4 e5 6.Qd3 Be7 7.O-O Nf6 8.Bg5 O-O
9.Bxd7 Nxd7 10.Bxe7 Qxe7 11.Rd1 Nf6 12.Qxd6 Qxd6 13.Rxd6 Nxe4 14.Rd3 f6 15.Nc3 Nxc3
16.Rxc3 Be6 17.Kf1 Rac8 18.Rxc8 Rxc8 19.c3 Kf7 20.Nd2 g5 21.Ne4 Ke7 22.f3 h6
23.g4 Rd8 24.Kf2 b6 25.b3 f5 26.gxf5 Bxf5 27.Ke3 Bg6 28.Rh1 Bf7 29.Rc1 Bh5
30.Ng3 Bg6 31.Ne4 Rf8 32.c4 Bh5 33.Rf1 Rf4 34.Rf2 Bg6 35.Nc3 Rd4 36.Rd2 Rxd2
37.Kxd2 Be8 38.Ke3 Bc6 39.b4 Ke6 40.a3 Kf5 41.h3 Bd7 42.Ne4 Kg6 43.Nf2 h5
44.c5 bxc5 45.bxc5 Bc6 46.Ne4 Bd7 47.Nf2 Kf5 48.Ne4 a6 49.Nf2 Bc6 50.Nh1 a5
51.Ng3+ Kg6 52.Ne4 Bd7 53.Nf2 Kf5 54.Ne4 h4 55.Nf2 Ke6 56.Ne4 Kf5 57.Nf2 Bb5
58.Ne4 Bc6 59.Nf2 a4 60.Ne4 Bd7 61.Nf2 Bb5 62.Ne4 Bc6 63.Nf2 Ke6 64.Ne4 Kd5
65.Kd3 Bb5+ 66.Kc3 Bf1 67.Nxg5 Kxc5 68.f4 Kd6 69.fxe5+ Kxe5 70.Nf3+  1/2-1/2

[Event "14th FIDE Open"]
[Site "Voronezh RUS"]
[Date "2010.06.14"]
[Round "3"]
[White "Katkov,V"]
[Black "Vechkanov,V"]
[Result "1-0"]
[WhiteElo "2108"]
[BlackElo "1931"]

1.e4 c5 2.Nf3 d6 3.Bb5+ Nc6 4.O-O Bd7 5.c3 g6 6.d4 cxd4 7.cxd4 Bg7 8.Nc3 Nf6
9.e5 dxe5 10.d5 Nd4 11.Nxd4 exd4 12.Qxd4 O-O 13.Rd1 Bxb5 14.Nxb5 Qa5 15.a4 a6
16.Bd2 Qd8 17.Nc3 Ne8 18.Qb4 Bxc3 19.Bxc3 Nd6 20.Qd4 f6 21.Re1 Rf7 22.Rad1 Rc8
23.Re6 b5 24.a5 Rc4 25.Qa7 Ne8 26.Rxa6 Nc7 27.Rb6 Kg7 28.Rb8 Qd6 29.Qb7 e6
30.Qc8 Rd7 31.Bd2 g5 32.Qh8+ Kg6 33.Rg8+ Kf5 34.Rg7 Rxg7 35.Qxg7 Rh4 36.g3 Rh3
37.Bc3 Nxd5 38.Qxf6+ Nxf6 39.Rxd6 Rh6 40.a6 Rg6 41.Rd8 Rg7 42.Rf8 e5 43.Rb8 Ra7
44.Rxb5 Rxa6 45.Rxe5+ Kg6 46.b4 Ng4 47.Rc5 Nf6 48.b5 Rb6 49.Bxf6 Kxf6 50.Rc6+ Rxc6
51.bxc6  1-0

[Event "14th FIDE Open"]
[Site "Voronezh RUS"]
[Date "2010.06.14"]
[Round "3"]
[White "Kopytin,V"]
[Black "Mokshin,S"]
[Result "1-0"]
[WhiteElo "2083"]
[BlackElo "1706"]

1.e4 c5 2.Nf3 d6 3.Bb5+ Bd7 4.a4 a6 5.Bxd7+ Qxd7 6.d3 Nc6 7.Bd2 g6 8.Bc3 e5
9.Nbd2 Bg7 10.a5 Nge7 11.Nc4 Rd8 12.Nb6 Qc7 13.Qc1 O-O 14.h4 d5 15.h5 f5
16.hxg6 hxg6 17.Ng5 Qd6 18.Nh7 Rf7 19.Ng5 Rff8 20.f3 Nd4 21.Qd2 Ne6 22.exd5 Nxd5
23.Nxd5 Qxd5 24.Nxe6 Qxe6 25.Qe3 Qc6 26.O-O-O Rde8 27.Rh4 Qd6 28.Rc4 Rc8
29.Re1 Rfe8 30.Kb1 Kf7 31.g4 f4 32.Qe4 Rc7 33.d4 cxd4 34.Rxc7+ Qxc7 35.Bxd4 Qc4
36.Bc3 Qxe4 37.Rxe4 Re7 38.Kc1 Ke6 39.Kd2 Rd7+ 40.Ke2 Bf6 41.Rb4 Bd8 42.Ra4 Bc7  1-0

[Event "45th Capablanca Mem Open"]
[Site "Havana CUB"]
[Date "2010.06.17"]
[Round "7"]
[White "Corrales Jimenez,Z"]
[Black "Ubaldo Suarez,M"]
[Result "1-0"]
[WhiteElo "2166"]
[BlackElo "2041"]

1.e4 c5 2.Nf3 d6 3.Bb5+ Bd7 4.Bxd7+ Qxd7 5.O-O Nf6 6.Qe2 Nc6 7.h3 Rc8 8.b3 g6
9.Bb2 Bg7 10.c4 O-O 11.d4 cxd4 12.Nxd4 Nxd4 13.Bxd4 a6 14.Nd2 b5 15.Rad1 Qb7
16.Rfe1 Nd7 17.Bxg7 Kxg7 18.f4 Qb6+ 19.Kh2 Qa5 20.Qd3 Kg8 21.e5 Nc5 22.Qb1 Qc7
23.cxb5 axb5 24.b4 Na4 25.Rc1 Qb8 26.Rxc8 Rxc8 27.e6 d5 28.exf7+ Kxf7 29.Kh1 Qd6
30.f5 Nc3 31.Qd3 Qf6 32.Rf1 g5 33.Re1 Rc6 34.Nf3 Kg8 35.Ne5 Rc7 36.Ng4 Qd6
37.Re6 Qxb4 38.f6 exf6 39.Nxf6+ Kf7 40.Nxd5 Nxd5 41.Qf5+ Kg7 42.Qxg5+ Kf7
43.Qxd5 Qc5 44.Qe4 Rd7 45.Re5 Rd1+ 46.Kh2 Qd6 47.Qxh7+ Kf6 48.Qf5+ Kg7 49.Qg4+ Kf6
50.Qf4+  1-0

[Event "1st GM"]
[Site "Danzhou CHN"]
[Date "2010.06.18"]
[Round "7"]
[White "Ni Hua"]
[Black "Zhou Jianchao"]
[Result "0-1"]
[WhiteElo "2667"]
[BlackElo "2652"]

1.e4 c5 2.Nf3 d6 3.Bb5+ Nd7 4.d4 cxd4 5.Qxd4 a6 6.Bxd7+ Bxd7 7.O-O e5 8.Qd3 Rc8
9.a4 Qc7 10.Nc3 Be6 11.Rd1 Qc4 12.a5 h6 13.Nd2 Qxd3 14.cxd3 Ne7 15.Nf3 Bb3
16.Rf1 g5 17.Be3 Bg7 18.Rfc1 f5 19.Nd2 Be6 20.Na4 Kf7 21.f3 Rxc1+ 22.Rxc1 Rc8
23.Nc4 Rc6 24.Bd2 fxe4 25.fxe4 d5 26.exd5 Nxd5 27.b4 e4 28.dxe4 Nxb4 29.Bxb4 Bd4+
30.Kf1 Bxc4+ 31.Ke1 Ke6 32.Kd2 Ke5 33.Nc3 Rf6 34.Nd1 Bf1 35.Rc7 Bxg2 36.Nc3 b5
37.Ne2 Re6 38.Rd7 Bf2 39.Rf7 Bh4 40.Ke3 Bxe4 41.Nd4 Re8 42.Rc7 Kf6 43.Bc3 Kg6
44.Ra7 Bb7+ 45.Kd3 Re7  0-1

[Event "45th Capablanca Mem Open"]
[Site "Havana CUB"]
[Date "2010.06.18"]
[Round "8"]
[White "Guerra Mojena,L"]
[Black "Abreu Delgado,A"]
[Result "1/2-1/2"]
[WhiteElo "2254"]
[BlackElo "2482"]

1.e4 c5 2.Nf3 d6 3.Bb5+ Bd7 4.Bxd7+ Qxd7 5.O-O Nf6 6.Re1 Nc6 7.c3 e6 8.d4 cxd4
9.Nxd4 d5 10.e5 Ne4 11.Nd2 Nxd2 12.Bxd2 Be7  1/2-1/2

[Event "Sveins Minneturnering"]
[Site "Oslo NOR"]
[Date "2010.06.18"]
[Round "1"]
[White "Hammer,J"]
[Black "Skovgaard,T"]
[Result "1-0"]
[WhiteElo "2610"]
[BlackElo "2005"]

1.e4 c5 2.Nf3 d6 3.Bb5+ Bd7 4.Bxd7+ Qxd7 5.O-O Nc6 6.c3 Nf6 7.d4 Nxe4 8.d5 Ne5
9.Re1 Nxf3+ 10.Qxf3 Nf6 11.c4 h6 12.Nc3 Qg4 13.Qd3 g5 14.b4 Qd7 15.bxc5 dxc5
16.Bb2 O-O-O 17.Ne4 Nxe4 18.Bxh8 Nd6 19.Be5 Nf5 20.Rab1 e6 21.Qa3 b6 22.Rxb6  1-0

[Event "14th Master Open"]
[Site "Voronezh RUS"]
[Date "2010.06.18"]
[Round "6"]
[White "Zhurikhin,A"]
[Black "Efanov,N"]
[Result "0-1"]
[WhiteElo "2211"]
[BlackElo "2407"]

1.e4 c5 2.Nf3 d6 3.Bb5+ Nc6 4.O-O Bd7 5.Re1 Nf6 6.c3 a6 7.Bf1 Bg4 8.d3 e6
9.Nbd2 Be7 10.h3 Bh5 11.g4 Bg6 12.Nh4 Nd7 13.Nxg6 hxg6 14.f4 e5 15.Nf3 exf4
16.Bxf4 Nde5 17.Nxe5 dxe5 18.Be3 Qc7 19.Qf3 Nd8 20.Rac1 Ne6 21.d4 Bg5 22.Bxg5 Nxg5
23.Qg3 O-O-O 24.d5 f6 25.Bg2 Nf7 26.b4 Kb8 27.c4 Rc8 28.Qe3 Nd6 29.Bf1 Rhe8
30.Rc2 Qb6 31.Rb2 Qa7 32.Reb1 Re7 33.Bd3 cxb4 34.Qxa7+ Kxa7 35.Rxb4 Rc5 36.Kf2 Rec7
37.Rc1 Rc8 38.Rcb1 R8c7 39.Re1 Re7 40.Reb1 a5 41.Ra4 b6 42.Ke3 Rec7 43.Rc1 Nb7
44.Rb1 Nd6 45.Rc1 Rc8 46.Kd2 Rh8 47.Rh1 Rh4 48.Ke3 Kb7 49.Kf3 g5 50.Kg3 Rh8
51.h4 gxh4+ 52.Rxh4 Rcc8 53.Rxh8 Rxh8 54.Ra3 Rh1 55.Rc3 Rg1+ 56.Kf3 Nf7 57.c5 bxc5
58.Rxc5 Ng5+ 59.Ke3 Rg3+ 60.Ke2 Rxg4 61.Rb5+ Kc7 62.Rxa5 Nxe4 63.Kf3 f5 64.Bxe4 Rxe4
65.Ra7+ Kd6 66.Rxg7 Ra4 67.Rf7 Ra3+ 68.Ke2 Rxa2+ 69.Ke3 Ra3+  0-1

[Event "45th Capablanca Mem Open"]
[Site "Havana CUB"]
[Date "2010.06.19"]
[Round "9"]
[White "Llaudy Pupo,L"]
[Black "Mendez Fortes,E"]
[Result "0-1"]
[WhiteElo "2224"]
[BlackElo "2310"]

1.e4 c5 2.Nf3 d6 3.Bb5+ Bd7 4.Bxd7+ Qxd7 5.O-O Nc6 6.b3 Nf6 7.Re1 g6 8.Bb2 Bg7
9.c3 O-O 10.Na3 e5 11.d4 exd4 12.cxd4 cxd4 13.Nxd4 Rfe8 14.Nxc6 Qxc6 15.Rc1 Qa6
16.Nc4 Re6 17.f3 Rae8 18.Ne3 Qxa2 19.Bxf6 Bxf6 20.Nd5 Bd8 21.Ra1 Qb2 22.Rxa7 f5
23.Rxb7 fxe4 24.Re2 Qa3 25.Rxe4 Qc5+ 26.Kh1 Rxe4 27.fxe4 Rxe4 28.Rb8 Kg7
29.Rxd8 Qxd5 30.Rd7+ Kh6 31.Qc1+ g5 32.Qa1 Rd4  0-1

[Event "14th FIDE Open"]
[Site "Voronezh RUS"]
[Date "2010.06.19"]
[Round "7"]
[White "Kopytin,V"]
[Black "Bocharov,O"]
[Result "1-0"]
[WhiteElo "2083"]
[BlackElo "1924"]

1.e4 c5 2.Nf3 d6 3.Bb5+ Nc6 4.O-O a6 5.Bxc6+ bxc6 6.e5 Bg4 7.Re1 dxe5 8.Rxe5 e6
9.d3 Be7 10.Re4 Nf6 11.Rc4 Rb8 12.h3 Bh5 13.Nbd2 O-O 14.b3 Rb4 15.Bb2 Nd5
16.Ne4 Nb6 17.Rxb4 cxb4 18.Qe2 Nd5 19.Re1 Qa5 20.Ned2 Bg6 21.Nc4 Qc7 22.Nfe5 Bf6
23.g3 Bf5 24.Kh2 a5 25.a4 Rd8 26.f4 Bg6 27.Qf3 c5 28.h4 h5 29.Nxg6 fxg6 30.Be5 Bxe5
31.Rxe5 Nf6 32.Rxe6 Qd7 33.Re2 Qd4 34.Nxa5 Re8 35.Rxe8+ Nxe8 36.Nc6 Qc3 37.Qe2 Nf6
38.a5 Ng4+ 39.Kg2 Nf6 40.Ne5 Kh7 41.Nc4 Ng4 42.Nb6 Qd4 43.a6 Ne3+ 44.Kf3 Nf5
45.Qf2 Qd6 46.a7 Qc6+ 47.Ke2 Nd4+ 48.Kd2 Qh1 49.a8=Q Qb1 50.Qxd4 cxd4 51.Qb7 Qg1
52.Qe4  1-0

[Event "Open"]
[Site "Eforie Nord ROU"]
[Date "2010.06.20"]
[Round "4"]
[White "Itkis,B"]
[Black "Fedorov,Alex"]
[Result "0-1"]
[WhiteElo "2434"]
[BlackElo "2618"]

1.e4 c5 2.Nf3 d6 3.Bb5+ Nd7 4.O-O Nf6 5.Re1 a6 6.Bf1 b6 7.d4 cxd4 8.Nxd4 Bb7
9.c4 e6 10.Nc3 Be7 11.f3 O-O 12.Be3 Qc7 13.Rc1 Rfc8 14.Qd2 Qd8 15.Red1 Qe8
16.b3 Rab8 17.Nc2 Rc7 18.Kh1 Qc8 19.Nd4 Ba8 20.Bd3 Bf8 21.Bf1 h6 22.Rc2 Ne5
23.a4 Ng6 24.Rdc1 Qe8 25.Nde2 Nd7 26.Nd4 Nge5 27.Nd1 Nc5 28.Rb1 Be7 29.Ra2 d5
30.exd5 exd5 31.cxd5 Bxd5 32.Nc3 Bb7 33.Rd1 Rd8 34.Qe1 Bf6 35.b4 Ncd3 36.Bxd3 Nxd3
37.Rxd3 Rxd4 38.Rxd4 Bxd4 39.Re2 Bxc3 40.Bd2 Qc6  0-1

[Event "14th Master Open"]
[Site "Voronezh RUS"]
[Date "2010.06.20"]
[Round "8"]
[White "Zhurikhin,A"]
[Black "Kozlitin,O"]
[Result "1-0"]
[WhiteElo "2211"]
[BlackElo "2337"]

1.e4 c5 2.Nf3 d6 3.Bb5+ Nd7 4.d4 cxd4 5.Qxd4 Nf6 6.Bg5 a6 7.Bxd7+ Bxd7 8.Nc3 Bc6
9.O-O-O e6 10.e5 Qa5 11.Bxf6 gxf6 12.exd6 Bg7 13.d7+ Ke7 14.Rhe1 Qc7 15.Nh4 Kd8
16.Nf5 exf5 17.Qb4 Bh6+ 18.Kb1 Bxd7 19.Nd5 Qc6 20.Nb6 Bf8 21.Qa5 Bd6 22.Nxa8+ Kc8
23.Nb6+ Kb8 24.Nxd7+ Qxd7 25.Qd5 Rd8 26.Rd3 Qc7 27.Qxf5 Be5 28.f4 Rc8 29.Rd7 Qa5
30.Red1  1-0

[Event "24th Open"]
[Site "Pula CRO"]
[Date "2010.06.21"]
[Round "3"]
[White "Mihalincic,T"]
[Black "Shalnev,N"]
[Result "1/2-1/2"]
[WhiteElo "2232"]
[BlackElo "2450"]

1.e4 c5 2.Nf3 d6 3.Bb5+ Nd7 4.d4 cxd4 5.Qxd4 Nf6 6.c4 a6 7.Bxd7+ Nxd7 8.Nc3 e6
9.Bg5 Qb6 10.Qxb6 Nxb6 11.b3 Be7 12.Be3 Nd7 13.Ke2 b6 14.Rhd1 Bb7 15.a4 Bf6
16.Bd4 Ke7  1/2-1/2

[Event "24th Open"]
[Site "Pula CRO"]
[Date "2010.06.22"]
[Round "5"]
[White "Tutic,R"]
[Black "Orak,L"]
[Result "1/2-1/2"]
[WhiteElo "2195"]
[BlackElo "2343"]

1.e4 c5 2.Nf3 d6 3.Bb5+ Bd7 4.Bxd7+ Qxd7 5.O-O Nc6 6.d4 cxd4 7.Nxd4 Nf6 8.Nc3 g6
9.Nd5 Bg7 10.Nxf6+ Bxf6 11.c3 O-O 12.f4 Rac8 13.Nf3 Qe6 14.Qd3 Na5 15.Be3 Qc4
16.Rfd1 Qxd3 17.Rxd3 Nc4 18.Rb1 a6 19.Bf2 b5 20.b3 Na5 21.Bb6 Nb7 22.e5 Bg7
23.Rbd1 Rc6 24.Bd4 Rfc8 25.Kf1 f6 26.Re1 dxe5 27.fxe5 Nc5 28.Bxc5 Rxc5 29.exf6 Bxf6
30.Re6 R8c6 31.Rxc6 Rxc6 32.Nd4 Bxd4 33.cxd4 Rc2 34.a3 a5 35.Re3 Kf7 36.Re5 Ra2
37.Rxb5 Rxa3 38.Ke2  1/2-1/2

[Event "4th FIDE GP w"]
[Site "Jermuk ARM"]
[Date "2010.06.24"]
[Round "1"]
[White "Xu Yuhua"]
[Black "Mkrtchian,L"]
[Result "0-1"]
[WhiteElo "2484"]
[BlackElo "2477"]

1.e4 c5 2.Nf3 d6 3.Bb5+ Bd7 4.Bxd7+ Qxd7 5.c4 Nf6 6.Nc3 e6 7.d4 cxd4 8.Nxd4 Be7
9.O-O Nc6 10.b3 O-O 11.Bb2 Rfd8 12.Rc1 a6 13.Nxc6 Qxc6 14.Qe2 b6 15.Kh1 Qb7
16.f4 Nd7 17.Rf3 b5 18.Rg3 g6 19.Rf1 bxc4 20.Qxc4 Bf6 21.Qe2 Bg7 22.f5 Rac8
23.h4 Be5 24.Rgf3 Nc5 25.Re1 Nd7 26.Ref1 Rc7 27.h5 Rdc8 28.Qd2 Nc5 29.f6 Kh8
30.Qh6 Rg8 31.hxg6 Rxg6 32.Qf8+ Rg8 33.Qh6 Rg6 34.Qf8+ Rg8 35.Qh6 Nxe4 36.Nxe4 Qxe4
37.Bxe5 Qxe5 38.Rh3 Qe4 39.Rff3 Qb1+ 40.Kh2 Rc1 41.Qxh7+ Qxh7 42.Rxh7+ Kxh7
43.Rh3+ Kg6 44.Rg3+ Kxf6 45.Rxg8 Ra1 46.a4 Rb1 47.Rb8 Ke5 48.Kg3 d5 49.b4 Kd4
50.Rb6 e5 51.Rxa6 Rxb4 52.a5 f5 53.Ra8 f4+  0-1

[Event "Scheveningen"]
[Site "Kefar Sava ISR"]
[Date "2010.06.24"]
[Round "5"]
[White "Levine,Y"]
[Black "Nedobora,M"]
[Result "1/2-1/2"]
[WhiteElo "2085"]
[BlackElo "2388"]

1.e4 c5 2.Nf3 d6 3.Bb5+ Bd7 4.Bxd7+ Qxd7 5.O-O Nc6 6.c3 Nf6 7.Re1 e6 8.d4 cxd4
9.cxd4 d5 10.e5 Ne4 11.a3 Qc7 12.Qd3 Be7 13.Nbd2 Nxd2 14.Bxd2 Qb6 15.Rec1 a5
16.b4 axb4 17.axb4 O-O 18.Rxa8 Rxa8 19.b5 Na7 20.h3 h6 21.g4 Qxb5 22.Qxb5 Nxb5
23.Rb1 Na3 24.Rxb7  1/2-1/2

[Event "70th ch-ITA S/F"]
[Site "Torino ITA"]
[Date "2010.06.25"]
[Round "7"]
[White "Bianco,V"]
[Black "Pepino,E"]
[Result "0-1"]
[WhiteElo "2210"]
[BlackElo "2190"]

1.e4 c5 2.Nf3 d6 3.Bb5+ Bd7 4.Bxd7+ Qxd7 5.O-O Nc6 6.c3 Nf6 7.Re1 e6 8.d3 Be7
9.Bg5 O-O 10.Nbd2 Rfe8 11.d4 h6 12.Bxf6 Bxf6 13.Nf1 Red8 14.d5 exd5 15.exd5 Ne7
16.Ne3 g6 17.Nd2 Bg7 18.Qf3 Re8 19.h4 h5 20.Ne4 b5 21.Nf6+ Bxf6 22.Qxf6 Nf5
23.Nxf5 Qxf5 24.Qxd6 Red8 25.Qc6 Rac8 26.Qxb5 Qxd5 27.Qe2 Re8 28.Qxe8+ Rxe8
29.Rxe8+ Kg7 30.b3 Qd2 31.c4 Qd4 32.Rae1 Qxh4 33.Ra8 Qg4 34.Rxa7 h4 35.Re3 Qd1+
36.Kh2 g5 37.Rae7 Qd6+ 38.Kg1 g4 39.R7e4 Kf8 40.Re8+ Kg7 41.R8e4 Kf8 42.Kf1 Qd1+
43.Re1 Qd3+ 44.Kg1 Qd2 45.R4e2 Qd6 46.Re8+ Kg7 47.R8e4 Qd7 48.f3 g3 49.Rxh4 f5
50.Rh3 Qd4+ 51.Kh1 Qf2 52.Ra1 f4 53.Rh4 Kg6 54.Rd1 Qc2 55.Rd6+ Kg5 56.Rg4+ Kf5
57.Rd5+ Ke6  0-1

[Event "1st Open"]
[Site "Marrakesh MAR"]
[Date "2010.06.26"]
[Round "1"]
[White "Choukri,A"]
[Black "Mikhalevski,V"]
[Result "0-1"]
[WhiteElo "2105"]
[BlackElo "2614"]

1.e4 c5 2.Nf3 d6 3.Bb5+ Bd7 4.Bxd7+ Qxd7 5.O-O g6 6.d4 cxd4 7.Qxd4 Nf6 8.Nc3 Nc6
9.Qa4 Bg7 10.Re1 Rc8 11.Bg5 h6 12.Bh4 g5 13.Bg3 Nh5 14.Rad1 Nxg3 15.hxg3 Bxc3
16.bxc3 b6 17.Qa6 g4 18.Nh4 Ne5 19.Rd5 Rxc3 20.Red1 f6 21.Qe2 Qc8 22.Nf5 Rxc2
23.Qb5+ Qc6 24.Qa6 Qc7 25.Nd4 Rc1 26.Qa4+ Kf7 27.Nb5 Qc4 28.Qb3 Rxd1+ 29.Rxd1 Qxb3
30.axb3 a6 31.Nc7 Rc8 32.Nxa6 Rc3 33.b4 b5 34.Rd5 Rc1+ 35.Kh2 Rf1 36.Rd2 Re1
37.Rd4  0-1

[Event "TCh-SUI 2010"]
[Site "Switzerland SUI"]
[Date "2010.06.27"]
[Round "5.7"]
[White "Werner,Cle"]
[Black "Herzog,Mar"]
[Result "1/2-1/2"]
[WhiteElo "2333"]
[BlackElo "2161"]

1.e4 c5 2.Nf3 d6 3.Bb5+ Bd7 4.Bxd7+ Qxd7 5.O-O Nc6 6.b3 Nf6 7.Re1 e6 8.Bb2 Be7
9.d4 cxd4 10.Nxd4 O-O 11.c4 Nxd4 12.Qxd4 e5 13.Qd3 Qe6 14.Nc3 Rad8 15.Rad1 Nd7
16.Nd5 Nc5 17.Qg3 f6 18.Re3 Kh8 19.f4 Rd7 20.Rf1 Qg8 21.Qh3 Bd8 22.Ba3 Ne6
23.Rg3 exf4 24.Rxf4 Nxf4 25.Nxf4 Qf7 26.Ng6+ Kg8 27.Nxf8 Kxf8 28.Qxh7 Bb6+
29.Kf1 Bc5 30.Qh8+ Qg8 31.Qxg8+ Kxg8 32.b4 Bb6 33.Ke2 Kf7 34.Rd3 Rc7 35.Rc3 Bd4
36.Rc1 Be5 37.h3 Rc6 38.b5 Rc8 39.Kd3 b6 40.Bb4 Rh8 41.Bc3 Ke6 42.Bd2 Rh4
43.Rh1 Bg3 44.Rf1 Be5 45.Be1 Rh6 46.Rf3 Rg6 47.g4 Rh6 48.a4 g5 49.a5 bxa5
50.Bxa5 Kd7 51.Be1 Kc7 52.Ke2 Bd4 53.h4 gxh4 54.Rh3 Kb6 55.Rxh4 Rg6 56.Bg3 Bc5
57.Kf3 Ka5 58.Rh8 Kb4 59.Rc8  1/2-1/2

[Event "5th Open"]
[Site "Wroclaw POL"]
[Date "2010.06.27"]
[Round "2"]
[White "Kalvaitis,S"]
[Black "Lach,P"]
[Result "1/2-1/2"]
[WhiteElo "2290"]
[BlackElo "2164"]

1.e4 c5 2.Nf3 d6 3.Bb5+ Nc6 4.O-O Bd7 5.c3 Nf6 6.Re1 a6 7.Bf1 Bg4 8.Na3 e6
9.Nc2 Be7 10.h3 Bh5 11.d3 O-O 12.Bf4 Bg6 13.Nh4 Rc8 14.Nxg6 hxg6 15.g4 Nd7
16.Ne3 Nde5 17.Bg2 Qb6 18.Qe2 g5 19.Bg3 Ng6 20.Qd2 Nce5 21.Nc4 Qc7 22.a4 b5
23.axb5 axb5 24.Nxe5 dxe5 25.Ra6 Ra8 26.Rxa8 Rxa8 27.d4 cxd4 28.cxd4 Qc4
29.Rd1 exd4 30.e5 Rd8 31.Be4 d3 32.Bxd3 Qb3 33.Qc2 Qxc2 34.Bxc2 Rxd1+ 35.Bxd1 Bc5
36.Bc2 Ne7 37.Be4 Bd4 38.b3 Nd5 39.Kf1  1/2-1/2